Iván el Terrible

Uloženo v:
Podrobná bibliografie
Hlavní autoři: Eisenstein, Sergei (Autor), Olivar, Arnaldo (Autor)
Médium: Kniha
Jazyk:španělština
Vydáno: Barcelona Aymá 1967
Edice:Colección Voz Imagen. Serie Cine, 19
Témata:
Tagy: Přidat tag
Žádné tagy, Buďte první, kdo vytvoří štítek k tomuto záznamu!

MARC

LEADER 00000cam a2200000 a 4500
001 UCV7538
003 CL-VaPUC
008 880812e19670000SP |||||||||||||||||spa|d
082 0 4 |a 791.437  |b EIS  |2 21 
100 |a Eisenstein, Sergei  |e author  |9 602473 
700 0 |a Olivar, Arnaldo  |e author  |9 301666 
245 1 0 |a Iván el Terrible 
300 |a 154 p 
942 |c BK 
945 |d 19880812 00:00:00 
260 |a Barcelona  |b Aymá  |c 1967 
600 0 7 |a IVANIV, ZAR DE RUSIA  |2 CL-VaPUC  |9 265032 
650 0 |a Cine  |9 225706 
650 0 |a Argumentos, tramas, etc.   |9 265033 
650 0 |a Drama  |9 265034 
583 |a last modification  |c 20190402 08:39:08  |k Rodrigo Vera 
490 0 |a Colección Voz Imagen. Serie Cine, 19 
999 |c 213196  |d 213194 
952 |0 0  |1 0  |3 erb  |4 0  |6 791_437000000000000_EIS_1967  |7 0  |8 A  |9 195320  |a BIBART  |b BIBART  |i 5476038  |o 791.437 EIS 1967  |p 5476038  |r 2025-03-13  |w 2019-11-14  |y BK  |z Catalogado en:20180615  |k ART